000
00290cam a2200121ua 4500
082
_a
894.812301
_b
SUK/KA
100
_a
Sukumaran, Tatapuram .
_9
1743
245
_a
Karutha Njarazhcha /
250
_a
1 /
260
_a
Kollam :
_b
M S Book Depot ,
_c
1966.
300
_a
109 ; .
942
_c
BK
999
_c
11516
_d
11516